<?xml version="1.0" encoding="UTF-8"?>
<record
    xmlns:xsi="http://www.w3.org/2001/XMLSchema-instance"
    xsi:schemaLocation="http://www.loc.gov/MARC21/slim http://www.loc.gov/standards/marcxml/schema/MARC21slim.xsd"
    xmlns="http://www.loc.gov/MARC21/slim">

  <leader>02430cam a2200337 a 4500</leader>
  <datafield tag="999" ind1=" " ind2=" ">
    <subfield code="c">27270</subfield>
    <subfield code="d">27270</subfield>
  </datafield>
  <controlfield tag="006">m     o  d        </controlfield>
  <controlfield tag="007">cr cnu---unuuu</controlfield>
  <controlfield tag="008">141003s2014    ne      o     000 0 eng d</controlfield>
  <datafield tag="016" ind1="7" ind2=" ">
    <subfield code="a">016886708</subfield>
    <subfield code="2">Uk</subfield>
  </datafield>
  <datafield tag="016" ind1="7" ind2=" ">
    <subfield code="a">016884700</subfield>
    <subfield code="2">Uk</subfield>
  </datafield>
  <datafield tag="020" ind1=" " ind2=" ">
    <subfield code="a">9780081000021</subfield>
    <subfield code="q">(electronic bk.)</subfield>
  </datafield>
  <datafield tag="020" ind1=" " ind2=" ">
    <subfield code="a">0081000022</subfield>
    <subfield code="q">(electronic bk.)</subfield>
  </datafield>
  <datafield tag="020" ind1=" " ind2=" ">
    <subfield code="q">(pbk.)</subfield>
  </datafield>
  <datafield tag="040" ind1=" " ind2=" ">
    <subfield code="a">UKMGB</subfield>
    <subfield code="b">eng</subfield>
    <subfield code="e">pn</subfield>
  </datafield>
  <datafield tag="072" ind1=" " ind2="7">
    <subfield code="a">TEC</subfield>
    <subfield code="x">014000</subfield>
    <subfield code="2">bisacsh</subfield>
  </datafield>
  <datafield tag="082" ind1="0" ind2="4">
    <subfield code="a">627.98</subfield>
    <subfield code="2">23</subfield>
  </datafield>
  <datafield tag="100" ind1="1" ind2=" ">
    <subfield code="a">El-Reedy, Mohamed A.</subfield>
    <subfield code="q">(Mohamed Abdallah),</subfield>
  </datafield>
  <datafield tag="245" ind1="1" ind2="0">
    <subfield code="a">Marine structural design calculations /</subfield>
  </datafield>
  <datafield tag="260" ind1=" " ind2=" ">
    <subfield code="a">Singapore :</subfield>
    <subfield code="b">Elsevier,</subfield>
    <subfield code="c">2015.</subfield>
  </datafield>
  <datafield tag="300" ind1=" " ind2=" ">
    <subfield code="a">1 online resource</subfield>
  </datafield>
  <datafield tag="520" ind1=" " ind2=" ">
    <subfield code="a">The perfect guide for veteran structural engineers or for engineers just entering the field of offshore design and construction, Marine Structural Design Calculations offers structural and geotechnical engineers a multitude of worked-out marine structural construction and design calculations. Each calculation is discussed in a concise, easy-to-understand manner that provides an authoritative guide for selecting the right formula and solving even the most difficult design calculation. Calculation methods for all areas of marine structural design and construction are presented and practical solutions are provided. Theories, principles, and practices are summarized. The concentration focuses on formula selection and problem solving. A "quick look up guide, Marine Structural Design Calculations includes both fps and SI units and is divided into categories such as Project Management for Marine Structures; Marine Structures Loads and Strength; Marine Structure Platform Design; and Geotechnical Data and Pile Design. The calculations are based on industry code and standards like American Society of Civil Engineers and American Society of Mechanical Engineers, as well as institutions like the American Petroleum Institute and the US Coast Guard. Case studies and worked examples are included throughout the book</subfield>
  </datafield>
  <datafield tag="650" ind1=" " ind2="0">
    <subfield code="a">Offshore structures</subfield>
    <subfield code="x">Design and construction.</subfield>
  </datafield>
  <datafield tag="650" ind1=" " ind2="0">
    <subfield code="a">Marine engineering.</subfield>
  </datafield>
  <datafield tag="650" ind1=" " ind2="6">
    <subfield code="a">M&#xFFFD;ecanique navale.</subfield>
  </datafield>
  <datafield tag="650" ind1=" " ind2="7">
    <subfield code="a">marine engineering.</subfield>
    <subfield code="2">aat</subfield>
  </datafield>
  <datafield tag="650" ind1=" " ind2="7">
    <subfield code="a">TECHNOLOGY &amp; ENGINEERING</subfield>
    <subfield code="x">Hydraulics.</subfield>
    <subfield code="2">bisacsh</subfield>
  </datafield>
  <datafield tag="650" ind1=" " ind2="7">
    <subfield code="a">Marine engineering.</subfield>
    <subfield code="2">fast</subfield>
  </datafield>
  <datafield tag="650" ind1=" " ind2="7">
    <subfield code="a">Offshore structures</subfield>
    <subfield code="x">Design and construction.</subfield>
    <subfield code="2">fast</subfield>
  </datafield>
  <datafield tag="856" ind1="4" ind2="0">
    <subfield code="u">https://www.sciencedirect.com/science/book/9780080999876</subfield>
  </datafield>
  <datafield tag="942" ind1=" " ind2=" ">
    <subfield code="c">EBK</subfield>
  </datafield>
</record>
